000 00254nam a2200097Ia 4500
001 644272
005 20250826153601.0
008 250824s9999 xx 000 0 und d
245 0 _aİNCİR TADINDA İYİLİK ÖYKÜLERİ
_cDERLEME
260 _bTİMAŞ KÜLTÜR
999 _c644272
_d644272